| 000 | 00926pam a2200289 a 4500 | ||
|---|---|---|---|
| 001 | 4888435 | ||
| 003 | NUST - PNEC | ||
| 005 | 20170116181139.0 | ||
| 008 | 930525s1993 maua 001 0 eng | ||
| 010 | _a 93025282 | ||
| 020 | _a0632034955 | ||
| 040 |
_aDLC _cLIBRARY _dDLC |
||
| 050 | 0 | 0 |
_aTL589.4 _b.P34 1993 |
| 082 | 0 | 0 | _a629.1352 PAL |
| 100 | 1 | _aPallett, E. H. J. | |
| 245 | 1 | 0 |
_aAutomatic flight control / _cE.H.J. Pallett, S. Coyle. |
| 250 | _a4th ed. | ||
| 260 |
_aCambridge, MA : _bBlackwell Science, _c1993. |
||
| 300 |
_ax, 323 p. : _bill. ; _c24 cm. |
||
| 500 | _aIncludes index. | ||
| 650 | 0 |
_aFlight control. _xME |
|
| 650 | 0 | _aAutomatic pilot (Airplanes) | |
| 700 | 1 | _aCoyle, Shawn. | |
| 906 |
_a7 _bcbc _corignew _d1 _eocip _f19 _gy-gencatlg |
||
| 942 |
_2ddc _cBK |
||
| 999 |
_c70376 _d70376 |
||